Schneckenrätsel: Musik - Statistiken

Allgemein
  • Dieses Quiz wurde 97 mal gespielt
  • Das Durchschnittsergebnis liegt bei 5 aus 9
Antwortstatistiken
% Korrekt
ELVIS
89%
SIA
82%
AS
80%
ARIE
73%
KLARINETTE
63%
TAKTSTOCK
53%
SCHUBERT
52%
MADNESS
31%
STREAM
20%
Keine übereinstimmenden Quizze gefunden
Verteilung der Resultate
Anzahl Personen mit jedem Resultat
Perzentil nach korrekt beantworteten Fragen
Ihre Resultats-Entwicklung
Sie haben dieses Quiz noch nicht gespielt